Movies Quiz

Random Movies or Letter Quiz

Highest-Grossing Movies by Letter Quiz Stats

 Plays Quiz Updated Mar 9, 2020

     
Support Sporcle.
Go Orange.
Score 0/26 Timer 10:00
2 Plays Today
Letter Movie % Correct
TTitanic (1997)
86.4%
SStar Wars: The Force Awakens (2015)
54.1%
AAvengers: Endgame (2019)
52.4%
DThe Dark Knight (2008)
44.5%
BBlack Panther (2018)
34.2%
EE.T.: The Extra-Terrestrial (1982)
25.8%
LThe Lion King (2019)
25.4%
JJurassic World (2015)
24.3%
ZZootopia (2016)
20%
FFinding Dory (2016)
19%
IIncredibles 2 (2018)
19%
XX-Men: The Last Stand (2006)
18.8%
UUp (2009)
18.7%
Letter Movie % Correct
HThe Hunger Games: Catching Fire (2013)
15.3%
PPirates of the Caribbean: Dead Man's Chest (2006)
14.6%
RRogue One: A Star Wars Story (2016)
13.4%
QA Quiet Place (2019)
9.6%
MMinions (2015)
9.2%
KKing Kong (2005)
9%
OOz the Great and Powerful (2013)
8%
GGuardians of the Galaxy, Vol. 2 (2017)
7.5%
WWonder Woman (2017)
7.1%
CCaptain Marvel (2019)
5.4%
YYou've Got Mail (1998)
3.7%
NNight at the Museum (2006)
3.4%
VVenom (2018)
2.3%

From the Vault

Sheldon Cooper: True or False

by puckett86

"If outside is so good, then why has mankind spent thousands of years trying to perfect inside?" - Sheldon Cooper
Remove Ads.
Support Sporcle.
Get the best of Sporcle when you Go Orange. This ad-free experience offers more features, more stats, and more fun while also helping to support Sporcle. Thank you for becoming a member.

Show Comments

Extras

Top Quizzes Today


Score Distribution

Your Account Isn't Verified!

In order to create a playlist on Sporcle, you need to verify the email address you used during registration. Go to your Sporcle Settings to finish the process.

Report this User

Report this user for behavior that violates our Community Guidelines.

Details: